| 000 | 00477nam a22001817a 4500 | ||
|---|---|---|---|
| 003 | USJPLib | ||
| 008 | 180928b xxu||||| |||| 00| 0 eng d | ||
| 020 | _a9789553569202 | ||
| 041 | _aEng. | ||
| 082 |
_a678.62 _bKAR |
||
| 100 |
_aKarunaratne, S. W. _941474 |
||
| 245 | _aNatural rubber and rubber wood | ||
| 260 |
_aRatmalana _bS. W. Karunaratne _c2018 |
||
| 300 |
_a86 p. _bill. _c24 cm |
||
| 650 | 0 |
_976317 _aNatural rubber |
|
| 650 | 0 |
_aRubber wood _980521 |
|
| 942 |
_2ddc _cLM |
||
| 999 |
_c4706 _d4706 |
||